Equatorial Countries - Statistics

General Stats
  • This quiz has been taken 24 times
  • The average score is 11 of 13
Answer Stats
Hint Answer % Correct
South American Colombia
100%
South American Ecuador
100%
South American Brazil
95%
African Democratic Republic of the Congo
95%
African Kenya
95%
African Gabon
90%
Asian Indonesia
90%
African Republic of the Congo
90%
African Uganda
86%
African Somalia
71%
African Sao Tome and Principe
57%
Asian Maldives
48%
Oceanic Kiribati
43%
No matching quizzes found
Score Distribution
Percent of People with Each Score
Percentile by Number Answered
Your Score History
You have not taken this quiz